[Event "Open Tournament For Intermediates"]
[Site "SchemingMind.com"]
[Date "2007.03.07"]
[Round "-"]
[White "mebalse"]
[Black "toguints"]
[Result "1-0"]
[WhiteCountry "URU"]
[BlackCountry "PHI"]
[WhiteElo "1887"]
[WhiteRD "82"]
[BlackElo "1493"]
[BlackRD "66"]
[GameID "95346"]

1. e4 e5 2. Nf3 Nc6 3. Bb5 Nge7 4. d3 b6 5. Nc3 Bb7 6. Be3 a6 7. Ba4 g6 8. O-O Bg7 9. Nd2 b5 10. Bb3 O-O
11. f4 Kh8 12. fxe5 Nxe5 13. d4 Ng4 14. Qxg4 Nc6 15. Bd5 Rb8 16. Rxf7 Nb4 17. Bg5 Qe8 18. Re7 Qc8 19. Bf7 h6 20. Bxg6 Bxd4+
21. Kh1 Bf6 22. Bxf6+ Rxf6 23. Rh7+ Kg8 24. Bf5+ Kf8 25. Qg7+ Ke8 26. Qe7#
1-0

[Event "Open Tournament For Intermediates"]
[Site "SchemingMind.com"]
[Date "2007.03.12"]
[Round "-"]
[White "toguints"]
[Black "mebalse"]
[Result "0-1"]
[WhiteCountry "PHI"]
[BlackCountry "URU"]
[WhiteElo "1493"]
[WhiteRD "66"]
[BlackElo "1887"]
[BlackRD "82"]
[GameID "95347"]

1. d4 e6 2. Nf3 d5 3. e3 c5 4. Ne5 Qb6 5. Qf3 Nf6 6. Bd3 cxd4 7. e4 Nc6 8. Nxc6 bxc6 9. b3 Bb4+ 10. Bd2 Qa5
11. Qe2 Bc3 12. Bxc3 dxc3 13. O-O d4 14. a4 e5 15. Na3 Be6 16. Nc4 Qc5 17. b4 Qxb4 18. Nxe5 Qc5 19. Rab1 Qxe5 20. f4 Qc7
21. f5 Bc8 22. e5 Nd5 23. Bc4 Ne3 24. Rf4 c5 25. Qg4 Nxg4 26. Rxg4 Qxe5 27. Bd3 O-O 28. g3 Qe3+ 29. Kg2 Re8 30. Kh3 g5
31. Rb5 h5 32. Re4 Bxf5+ 33. Kg2 Bxe4+ 34. Bxe4 Qd2+ 35. Kh3 Rxe4 36. Rb8+ Rxb8 37. a5 f6 38. a6 g4+ 39. Kh4 Qxh2#
0-1

[Event "Open Tournament For Intermediates"]
[Site "SchemingMind.com"]
[Date "2007.03.08"]
[Round "-"]
[White "javilez"]
[Black "toguints"]
[Result "1-0"]
[WhiteCountry "NCA"]
[BlackCountry "PHI"]
[WhiteElo "1767"]
[WhiteRD "60"]
[BlackElo "1268"]
[BlackRD "57"]
[GameID "95465"]

1. d4 d5 2. c4 e6 3. e3 Nf6 4. Nc3 Bb4 5. Bd2 Ne4 6. Rc1 Qf6 7. Nxe4 Bxd2+ 8. Nxd2 Nc6 9. Ngf3 e5 10. dxe5 Nxe5
11. Nxe5 Qxe5 12. Qc2 Bf5 13. Qc3 f6 14. Qxe5+ fxe5 15. cxd5 O-O-O 16. Bc4 a6 17. O-O b5 18. Bb3 g5 19. Rc5 Kb7 20. Rfc1 Kb6
21. Rxc7 Bd7 22. e4 Rc8 23. Rxc8 Bxc8 24. Nf3 a5 25. Nxg5 a4 26. Bd1 h6 27. Nf7 Rh7 28. Rc6+ Ka7 29. Nxh6 Bd7 30. Rd6 Be8
31. Nf5 Rc7 32. Ne3 Rc4 33. Nxc4 bxc4 34. Re6 Kb7 35. Rxe5 Bd7 36. Re7 Kc7 37. Bxa4
1-0

[Event "Open Tournament For Intermediates"]
[Site "SchemingMind.com"]
[Date "2007.03.12"]
[Round "-"]
[White "javilez"]
[Black "mebalse"]
[Result "0-1"]
[WhiteCountry "NCA"]
[BlackCountry "URU"]
[WhiteElo "1742"]
[WhiteRD "59"]
[BlackElo "1960"]
[BlackRD "79"]
[GameID "95466"]

1. d4 d5 2. c4 dxc4 3. e3 b5 4. a4 c6 5. axb5 cxb5 6. Qf3 Qc7 7. Qxa8 a6 8. Bd2 Bb7 9. Qa7 Nc6 10. Qc5 e5
11. Ba5 Qxa5+ 12. Rxa5 Bxc5 13. Ra1 exd4 14. exd4 Nxd4 15. Kd1 Nb3 16. Ra3 Nf6 17. f3 Nd5 18. Rxb3 cxb3 19. Ne2 Ke7 20. Nbc3 Rd8
21. Kc1 Be3+ 22. Kb1 Nb6 23. Ng3 g6 24. Be2 f5 25. Rd1 b4 26. Rxd8 bxc3 27. bxc3 Kxd8 28. Kb2 a5 29. Kxb3 Bc6 30. Nf1 Bc5
31. Nd2 a4+ 32. Kb2 a3+
0-1

[Event "Open Tournament For Intermediates"]
[Site "SchemingMind.com"]
[Date "2007.03.08"]
[Round "-"]
[White "toguints"]
[Black "javilez"]
[Result "0-1"]
[WhiteCountry "PHI"]
[BlackCountry "NCA"]
[WhiteElo "1268"]
[WhiteRD "57"]
[BlackElo "1767"]
[BlackRD "60"]
[GameID "95467"]

1. d4 d5 2. c4 c6 3. e3 Nf6 4. Be2 e6 5. c5 b6 6. Nc3 bxc5 7. dxc5 Bxc5 8. Nf3 Nbd7 9. O-O O-O 10. Re1 a5
11. Na4 Bd6 12. Nd4 Bb7 13. Qc2 Rc8 14. Bf3 c5 15. Nb5 Ne5 16. Qb3 Nxf3+ 17. gxf3 Bc6 18. Nxd6 Qxd6 19. Nc3 Rb8 20. Qc2 Nd7
21. Rd1 Qe7 22. e4 d4 23. Ne2 f5 24. Bd2 Ne5 25. Kg2 Nxf3 26. Ng3 Nxd2 27. Rxd2 Rbc8 28. Re1 fxe4 29. Nxe4 Rf7 30. Kf1 Bb5+
31. Kg1 e5 32. Qb3 Bd7 33. Rc1 Be6 34. Qb5 Qh4 35. Nd6 Bh3
0-1

[Event "Open Tournament For Intermediates"]
[Site "SchemingMind.com"]
[Date "2007.03.12"]
[Round "-"]
[White "mebalse"]
[Black "javilez"]
[Result "1-0"]
[WhiteCountry "URU"]
[BlackCountry "NCA"]
[WhiteElo "1918"]
[WhiteRD "81"]
[BlackElo "1740"]
[BlackRD "65"]
[GameID "95468"]

1. d4 d5 2. Bf4 c6 3. Nd2 Nf6 4. e3 e6 5. c4 Nbd7 6. c5 b6 7. b4 Bb7 8. Nb3 Be7 9. Bd3 O-O 10. Ne2 Nh5
11. Bg3 Nxg3 12. hxg3 Nf6 13. Qc2 Qc7 14. Bxh7+ Kh8 15. Bd3+ Kg8 16. O-O-O g6 17. Bxg6 Kg7 18. Nf4 Ng4 19. Rh7+
1-0

[Event "Open Tournament For Intermediates"]
[Site "SchemingMind.com"]
[Date "2007.03.08"]
[Round "-"]
[White "Kenny Elliott"]
[Black "toguints"]
[Result "1-0"]
[WhiteCountry "USA"]
[BlackCountry "PHI"]
[WhiteElo "1530"]
[WhiteRD "77"]
[BlackElo "1268"]
[BlackRD "57"]
[GameID "95519"]

1. c4 e5 2. Nc3 Nc6 3. Nf3 Nf6 4. g3 Bd6 5. Bg2 O-O 6. O-O a6 7. d3 h6 8. Be3 Bb4 9. Qc2 Qe7 10. a3 Bxc3
11. Qxc3 e4 12. dxe4 Nxe4 13. Qc2 b5 14. cxb5 axb5 15. Nd4 Nxd4 16. Bxd4 d5 17. Bxe4 dxe4 18. Bc5 Qf6 19. Bxf8 Kxf8 20. Qxe4 Ra4
21. Qc2 Rc4 22. Qd2 Bb7 23. Rad1 g5 24. Qd8+ Qxd8 25. Rxd8+ Ke7 26. Rh8 Rc2 27. b4 Rxe2 28. Rxh6 f5 29. Rh7+ Kd6 30. Rd1+ Ke6
31. Rxc7 Bf3 32. Rf1 Ra2 33. Re1+ Kd6 34. Rc3
1-0

[Event "Open Tournament For Intermediates"]
[Site "SchemingMind.com"]
[Date "2007.03.13"]
[Round "-"]
[White "Kenny Elliott"]
[Black "mebalse"]
[Result "0-1"]
[WhiteCountry "USA"]
[BlackCountry "URU"]
[WhiteElo "1506"]
[WhiteRD "74"]
[BlackElo "1960"]
[BlackRD "79"]
[GameID "95520"]

1. d4 d5 2. c4 dxc4 3. e4 b5 4. Nc3 c6 5. Nf3 Nf6 6. Bg5 h6 7. Bxf6 exf6 8. Be2 f5 9. e5 Be6 10. O-O g5
11. h3 h5 12. Nh2 g4 13. hxg4 hxg4 14. g3 Qg5 15. Kg2 Bd5+ 16. Nxd5 cxd5 17. Rh1 Nc6 18. a4 b4 19. b3 c3 20. Bb5 Kd7
21. Qd3 Rh6 22. Bxc6+ Rxc6 23. Qb5 Kc7 24. Qxd5 Qg6 25. Qa5+ Rb6 26. Qd5 Rd8 27. Qc4+ Rc6 28. Qd3 Qe6 29. Rhb1 Bc5 30. Qb5 Rxd4
31. a5 Rd2 32. Rf1 Qd5+ 33. Kg1 Bxf2+ 34. Rxf2 Qxb5 35. Rxf5 Qe2
0-1

[Event "Open Tournament For Intermediates"]
[Site "SchemingMind.com"]
[Date "2007.03.08"]
[Round "-"]
[White "Kenny Elliott"]
[Black "javilez"]
[Result "0-1"]
[WhiteCountry "USA"]
[BlackCountry "NCA"]
[WhiteElo "1506"]
[WhiteRD "74"]
[BlackElo "1742"]
[BlackRD "59"]
[GameID "95521"]

1. d4 d5 2. c4 c6 3. Nf3 Nf6 4. Nc3 e6 5. e3 Nbd7 6. Bd3 dxc4 7. Bxc4 b5 8. Bd3 Bb7 9. O-O a6 10. Qc2 c5
11. e4 cxd4 12. Nxd4 Ne5 13. Qb3 Nxd3 14. Bg5 Be7 15. Ncxb5 axb5 16. Qxb5+ Qd7 17. Qxd3 Rd8 18. e5 Qxd4 19. Qxd4 Rxd4 20. Be3 Rd5
21. a4 O-O 22. a5 Ra8 23. b4 Ng4 24. Bf4 Nxe5 25. Bxe5 Rxe5 26. Rfb1 Rb5 27. Ra4 Ba6 28. h3 Rab8 29. Kh2 Rxb4
0-1

[Event "Open Tournament For Intermediates"]
[Site "SchemingMind.com"]
[Date "2007.03.09"]
[Round "-"]
[White "toguints"]
[Black "Kenny Elliott"]
[Result "0-1"]
[WhiteCountry "PHI"]
[BlackCountry "USA"]
[WhiteElo "1268"]
[WhiteRD "57"]
[BlackElo "1530"]
[BlackRD "77"]
[GameID "95522"]

1. d4 d5 2. c4 e6 3. Nc3 Nf6 4. g3 Bb4 5. Bg2 O-O 6. Bd2 dxc4 7. Nf3 Nc6 8. a3 Ba5 9. e3 Bd7 10. O-O Ne7
11. Ne5 c6 12. Nxc4 Bxc3 13. Bxc3 Ned5 14. Qb3 b5 15. Ne5 Nxc3 16. Qxc3 Nd5 17. Qc2 Rc8 18. Be4 f5 19. Nxd7 Qxd7 20. Bxd5 cxd5
21. Qd3 Qd6 22. Qxb5 g5 23. b4 h5 24. f4 g4 25. Rab1 Rb8 26. Qd3 Rfc8 27. Qe2 Kg7 28. h3 Rh8 29. h4 Rhe8 30. Qd2 Rb6
0-1

[Event "Open Tournament For Intermediates"]
[Site "SchemingMind.com"]
[Date "2007.03.13"]
[Round "-"]
[White "mebalse"]
[Black "Kenny Elliott"]
[Result "1-0"]
[WhiteCountry "URU"]
[BlackCountry "USA"]
[WhiteElo "1960"]
[WhiteRD "79"]
[BlackElo "1506"]
[BlackRD "74"]
[GameID "95523"]

1. Nf3 Nf6 2. d4 d5 3. Bf4 Bf5 4. e3 e6 5. c4 Bb4+ 6. Nbd2 Ne4 7. Qa4+ Nc6 8. c5 Bxd2+ 9. Nxd2 Nxd2 10. Kxd2 O-O
11. Bb5 Ne7 12. c6 Nxc6 13. Bxc6 bxc6 14. Qxc6 Qb8 15. Qc3 Rc8 16. Rhc1 Qb7 17. a3 c6 18. b4 Qb6 19. Qc5 h6 20. Rc3 Qd8
21. Rac1 Qf6 22. Qa5 Qg6 23. Bg3 e5 24. dxe5 Qe6 25. Qa6 Qe8 26. Rxc6 Kh7 27. Rxc8 Bxc8 28. Qa5 Be6 29. Rc7 a6 30. a4 Qd8
31. Qc5 Rc8 32. Rxc8 Bxc8 33. Kc3 Be6 34. a5 Qd7 35. b5 axb5 36. Kb4 Qb7 37. Qxb5 Qxb5+ 38. Kxb5
1-0

[Event "Open Tournament For Intermediates"]
[Site "SchemingMind.com"]
[Date "2007.03.09"]
[Round "-"]
[White "javilez"]
[Black "Kenny Elliott"]
[Result "1-0"]
[WhiteCountry "NCA"]
[BlackCountry "USA"]
[WhiteElo "1742"]
[WhiteRD "59"]
[BlackElo "1506"]
[BlackRD "74"]
[GameID "95524"]

1. d4 Nf6 2. c4 c5 3. d5 e6 4. Nc3 exd5 5. cxd5 g6 6. e4 Bg7 7. f3 O-O 8. Be3 d6 9. Bd3 Nbd7 10. Nge2 Nb6
11. b3 Bd7 12. O-O Qc7 13. Rc1 Rac8 14. Nb5 Qb8 15. Bf4 Ne8 16. Qe1 Nc7 17. Nxd6 Rcd8 18. Qg3 Qa8 19. Nxb7 Qxb7 20. Bxc7 Rc8
21. Bd6 Rfe8 22. Bxc5 Nxd5 23. exd5 Qxd5 24. Qd6 Qxd6 25. Bxd6 Bh6 26. Bf4 Bg7 27. Bc4 Be6 28. Ng3 Bxc4 29. Rxc4 Red8 30. Rxc8 Rxc8
31. Rc1 Re8 32. Kf1 h5 33. Rc7 Ra8 34. Rb7 a5 35. Rb8+ Rxb8 36. Bxb8
1-0

[Event "Open Tournament For Intermediates"]
[Site "SchemingMind.com"]
[Date "2007.03.09"]
[Round "-"]
[White "keen"]
[Black "Kenny Elliott"]
[Result "1-0"]
[WhiteCountry "SCO"]
[BlackCountry "USA"]
[WhiteElo "1737"]
[WhiteRD "58"]
[BlackElo "1506"]
[BlackRD "74"]
[GameID "95585"]

1. e4 c5 2. c3 Nf6 3. e5 Nd5 4. Nf3 Nc6 5. d4 cxd4 6. cxd4 f6 7. Bc4 Nb6 8. Bb3 e6 9. O-O d5 10. Nc3 Be7
11. Bf4 O-O 12. Bc2 f5 13. b3 Bd7 14. a3 Rc8 15. Ne2 h6 16. Qd3 Bg5 17. Nxg5 hxg5 18. Bd2 Be8 19. Ng3 Bg6 20. Rae1 Qe8
21. Ne2 f4 22. Qxg6 Qxg6 23. Bxg6 f3 24. Nf4 Nxd4 25. Nh5 fxg2 26. Kxg2 Nxb3 27. Bxg5 d4 28. Be7 Rf7 29. Bxf7+ Kxf7 30. Bd6 d3
31. Rd1 d2 32. Ng3 Rc1 33. Ne4 Nc4 34. Nxd2 Rxd1 35. Nxc4 Rd4 36. Ne3 a6 37. Rd1 Ra4 38. Rb1 Na5 39. Rc1 b5 40. Rc7+ Kg6
41. Bf8 Kg5 42. Rxg7+ Kf4 43. Bd6 Nc4 44. Rg4#
1-0

[Event "Open Tournament For Intermediates"]
[Site "SchemingMind.com"]
[Date "2007.03.09"]
[Round "-"]
[White "keen"]
[Black "toguints"]
[Result "1-0"]
[WhiteCountry "SCO"]
[BlackCountry "PHI"]
[WhiteElo "1749"]
[WhiteRD "62"]
[BlackElo "1493"]
[BlackRD "66"]
[GameID "95586"]

1. e4 e5 2. Nf3 d6 3. d4 f6 4. dxe5 fxe5 5. Bc4 Nf6 6. Bg5 Be7 7. Nc3 h6 8. Bxf6 Bxf6 9. Nxe5 Bxe5 10. Qh5+ Kd7
11. Qf5+ Kc6 12. Bd5+ Kb6 13. Na4+ Ka5 14. Qf3 c6 15. b4+ Kxa4 16. c4 Kxb4 17. Rb1+ Kc5 18. Qa3+ Kd4 19. Rd1#
1-0

[Event "Open Tournament For Intermediates"]
[Site "SchemingMind.com"]
[Date "2007.03.13"]
[Round "-"]
[White "keen"]
[Black "mebalse"]
[Result "0-1"]
[WhiteCountry "SCO"]
[BlackCountry "URU"]
[WhiteElo "1749"]
[WhiteRD "62"]
[BlackElo "1887"]
[BlackRD "82"]
[GameID "95587"]

1. e4 e5 2. Nf3 Nc6 3. d4 exd4 4. Nxd4 Qh4 5. Nc3 Bb4 6. Qd3 Bxc3+ 7. bxc3 Ne5 8. Qe3 a6 9. Be2 Nf6 10. Nf5 Qxe4
11. Nxg7+ Kf8 12. Qh6 Neg4 13. Ne6+ Ke7 14. Nc5 Qe5 15. Qd2 Qxc5 16. a4 Qxf2+ 17. Kd1 Qxg2 18. Ba3+ d6 19. Qe1 Nf2+ 20. Kc1 Qxh1
21. Bf3+ Qxe1+
0-1

[Event "Open Tournament For Intermediates"]
[Site "SchemingMind.com"]
[Date "2007.03.09"]
[Round "-"]
[White "keen"]
[Black "javilez"]
[Result "1-0"]
[WhiteCountry "SCO"]
[BlackCountry "NCA"]
[WhiteElo "1730"]
[WhiteRD "57"]
[BlackElo "1740"]
[BlackRD "65"]
[GameID "95588"]

1. e4 c5 2. c3 d6 3. d4 Nf6 4. Bd3 Nc6 5. Nf3 cxd4 6. cxd4 Bg4 7. Be3 e6 8. Nbd2 Be7 9. O-O O-O 10. h3 Bh5
11. g4 Bg6 12. Nh4 Nxg4 13. Nxg6 Nxe3 14. Nxe7+ Qxe7 15. fxe3 Qg5+ 16. Kf2 f5 17. Nf3 fxe4 18. Bxe4 d5 19. Ke2 Qh5 20. Bd3 Rf7
21. Kd2 Raf8 22. Be2 Qh6 23. h4 Qg6 24. Rg1 Qe4 25. Ng5
1-0

[Event "Open Tournament For Intermediates"]
[Site "SchemingMind.com"]
[Date "2007.03.09"]
[Round "-"]
[White "Kenny Elliott"]
[Black "keen"]
[Result "0-1"]
[WhiteCountry "USA"]
[BlackCountry "SCO"]
[WhiteElo "1523"]
[WhiteRD "73"]
[BlackElo "1730"]
[BlackRD "57"]
[GameID "95589"]

1. d4 d5 2. c4 e6 3. Nc3 Be7 4. cxd5 exd5 5. Bf4 Nf6 6. e3 O-O 7. Bd3 b6 8. Nf3 h6 9. O-O Bb7 10. Ne5 Nbd7
11. Qb3 Nxe5 12. Bxe5 Nd7 13. Nxd5 Nxe5 14. Nxe7+ Qxe7 15. dxe5 Qxe5 16. Rad1 Qg5 17. e4 c5 18. Bc2 Rae8 19. f3 Bc8 20. Rd5 Be6
21. Qd3 Bxd5 22. exd5 g6 23. f4 Qe7 24. d6 Qe3+ 25. Qxe3 Rxe3 26. Rd1 Re2 27. d7 Rd8 28. Bb1 Rxb2 29. f5 Rxd7 30. Rxd7 Rxb1+
31. Kf2 Rb2+ 32. Kg3 Rxa2 33. fxg6 fxg6 34. Kh3 Ra4 35. g3 g5
0-1

[Event "Open Tournament For Intermediates"]
[Site "SchemingMind.com"]
[Date "2007.03.09"]
[Round "-"]
[White "toguints"]
[Black "keen"]
[Result "0-1"]
[WhiteCountry "PHI"]
[BlackCountry "SCO"]
[WhiteElo "1486"]
[WhiteRD "74"]
[BlackElo "1737"]
[BlackRD "58"]
[GameID "95590"]

1. d4 d5 2. c4 e6 3. Nc3 Be7 4. Nf3 Nf6 5. e3 O-O 6. Be2 b6 7. O-O c5 8. b3 Bb7 9. Ne5 Nc6 10. Nxc6 Bxc6
11. Bf3 Qd7 12. Re1 Rac8 13. Ba3 Rfd8 14. Bg4 Qb7 15. Bf3 Ne4 16. cxd5 exd5 17. Ne2 Ng5 18. Bg4 Rc7 19. f4 Ne4 20. Bf3 Qa6
21. Bb2 Ba8 22. dxc5 bxc5 23. Nc3 Bf6 24. Be2 Qb7 25. Nb5 Bxb2 26. Nxc7 Bxa1 27. Qxa1 Qxc7 28. Qb2 h6 29. Bd3 Nf6 30. Rc1 Qe7
31. Re1 d4 32. e4 Nxe4 33. g3 Re8 34. Qa3 Qc7 35. Bb5 Re7 36. Bd3 Nc3 37. Rxe7 Qxe7 38. Qc1 Qb7 39. Kf1 Qh1+
0-1

[Event "Open Tournament For Intermediates"]
[Site "SchemingMind.com"]
[Date "2007.03.13"]
[Round "-"]
[White "mebalse"]
[Black "keen"]
[Result "1-0"]
[WhiteCountry "URU"]
[BlackCountry "SCO"]
[WhiteElo "1918"]
[WhiteRD "81"]
[BlackElo "1730"]
[BlackRD "57"]
[GameID "95591"]

1. d4 Nf6 2. c4 g6 3. Nc3 d5 4. e3 Bg7 5. f4 O-O 6. Nf3 c6 7. c5 b6 8. b4 Nbd7 9. Bd3 a5 10. Qa4 Bb7
11. cxb6 axb4 12. Qxb4 Qxb6 13. Qxb6 Nxb6 14. a4 c5 15. a5 Nbd7 16. Bb5 cxd4 17. Nxd4 e6 18. a6 Bc8 19. Ke2 Nc5 20. a7 Bb7
21. Bd2 Nfe4 22. Nxe4 Nxe4 23. Rhc1 Nd6 24. Ra5 Bxd4 25. exd4 Nxb5 26. Rxb5 Ba6 27. Rb1 Bxb5+ 28. Rxb5 Rxa7 29. Bb4 Rc8 30. Bc5 Ra2+
31. Kf3 Rca8 32. h3 Rc2 33. Rb3 Raa2 34. g4 Rf2+ 35. Kg3 Rg2+ 36. Kh4 Raf2 37. Bd6 Rb2 38. Rc3 Rbc2 39. Rb3 Rc8 40. Kg5 Rgc2
41. Rb7 h5 42. Kf6 hxg4 43. Rxf7 g3 44. Rg7+ Kh8 45. Rxg6 g2 46. Be5 Kh7 47. Rg5 Ra8 48. Rg4 Ra1 49. Kf7 Ra7+ 50. Kf6 Ra1
51. Rg7+ Kh6 52. Rg8 Kh5 53. Rh8#
1-0

[Event "Open Tournament For Intermediates"]
[Site "SchemingMind.com"]
[Date "2007.03.09"]
[Round "-"]
[White "javilez"]
[Black "keen"]
[Result "1-0"]
[WhiteCountry "NCA"]
[BlackCountry "SCO"]
[WhiteElo "1740"]
[WhiteRD "65"]
[BlackElo "1730"]
[BlackRD "57"]
[GameID "95592"]

1. d4 d5 2. c4 e6 3. e3 Nf6 4. Nc3 Be7 5. Nf3 O-O 6. cxd5 exd5 7. Bd3 Bg4 8. Bd2 Re8 9. Qb3 b6 10. Ne5 Be6
11. O-O Bd6 12. Qc2 c5 13. Bf5 Qc8 14. Bxe6 Qxe6 15. Nf3 Ne4 16. Nb5 Nxd2 17. Qxd2 Nc6 18. Nxd6 Qxd6 19. dxc5 bxc5 20. Rfd1 Rad8
21. b3 h6 22. Rac1 Qe7 23. Qc2 d4 24. Qxc5 Qxc5 25. Rxc5 dxe3 26. Rxd8 Rxd8 27. fxe3 Nb4 28. Ra5 Nc6 29. Ra6 Rc8 30. Nd4 Nxd4
31. exd4 Rc7 32. d5 Rd7 33. b4 Rxd5 34. Rxa7 Rd3 35. a4 Rb3 36. b5 Rb4 37. Ra6 Kf8 38. b6 Ke8 39. a5 Rb5 40. Ra7 g6
41. b7 Kd8 42. a6
1-0

[Event "Open Tournament For Intermediates"]
[Site "SchemingMind.com"]
[Date "2007.03.10"]
[Round "-"]
[White "jjb091"]
[Black "Kenny Elliott"]
[Result "1-0"]
[WhiteCountry "USA"]
[BlackCountry "USA"]
[WhiteElo "1688"]
[WhiteRD "76"]
[BlackElo "1541"]
[BlackRD "68"]
[GameID "95717"]

1. e4 c5 2. Nf3 d6 3. d4 cxd4 4. Nxd4 Nf6 5. Nc3 Bd7 6. Bc4 e5 7. Nf5 g6 8. Nxd6+ Bxd6 9. Qxd6 Nc6 10. Nb5 Rc8
11. Bg5 a6 12. Bxf6 Qa5+ 13. Nc3 Rg8 14. O-O Nd4 15. Qe7#
1-0

[Event "Open Tournament For Intermediates"]
[Site "SchemingMind.com"]
[Date "2007.03.11"]
[Round "-"]
[White "jjb091"]
[Black "toguints"]
[Result "1-0"]
[WhiteCountry "USA"]
[BlackCountry "PHI"]
[WhiteElo "1642"]
[WhiteRD "77"]
[BlackElo "1486"]
[BlackRD "74"]
[GameID "95718"]

1. e4 c5 2. Nf3 Nc6 3. d4 cxd4 4. Nxd4 Nf6 5. Nc3 e5 6. Ndb5 Bb4 7. a3 Bxc3+ 8. Nxc3 O-O 9. Be2 d6 10. O-O b6
11. Bg5 h6 12. Bxf6 Qxf6 13. Nd5 Qd8 14. Bb5 Bb7 15. Qf3 Qc8 16. c3 Na5 17. Ne7+ Kh8 18. Nxc8 Raxc8 19. Rad1 f5 20. Qd3 Rcd8
21. exf5 Bc8 22. b4 Bxf5 23. Qd5 Bc2 24. Rd2 Bb3 25. c4 Bxc4 26. Bxc4 Nxc4 27. Qxc4 Rf4 28. Qc7 Ra8 29. Rxd6 Rff8 30. Rg6 Rg8
31. Qb7 Kh7 32. Rxg7+ Rxg7 33. Qxa8 Kg6 34. Rd1 Rc7 35. Qg8+ Kf5 36. g4+ Kf6 37. Rd6+ Ke7 38. Qd8+
1-0

[Event "Open Tournament For Intermediates"]
[Site "SchemingMind.com"]
[Date "2007.03.10"]
[Round "-"]
[White "jjb091"]
[Black "keen"]
[Result "1-0"]
[WhiteCountry "USA"]
[BlackCountry "SCO"]
[WhiteElo "1688"]
[WhiteRD "76"]
[BlackElo "1749"]
[BlackRD "62"]
[GameID "95719"]

1. e4 c6 2. d4 d5 3. e5 Bf5 4. Nc3 e6 5. g4 Bg6 6. Nge2 c5 7. h4 h6 8. Be3 Qb6 9. h5 Bh7 10. dxc5 Bxc5
11. Bxc5 Qxc5 12. Qd4 Qa5 13. b4 Qd8 14. Nb5 Nc6 15. Qc5 Qd7 16. c4 Nge7 17. Nd6+ Kd8 18. Nxf7+
1-0

[Event "Open Tournament For Intermediates"]
[Site "SchemingMind.com"]
[Date "2007.03.13"]
[Round "-"]
[White "jjb091"]
[Black "mebalse"]
[Result "0-1"]
[WhiteCountry "USA"]
[BlackCountry "URU"]
[WhiteElo "1653"]
[WhiteRD "77"]
[BlackElo "1918"]
[BlackRD "81"]
[GameID "95720"]

1. e4 e5 2. Nf3 Nc6 3. Bb5 Bc5 4. c3 a6 5. Bxc6 dxc6 6. O-O Bg4 7. d3 h6 8. Be3 Bb6 9. Bxb6 cxb6 10. Qe2 c5
11. Nbd2 Qe7 12. Nc4 Bxf3 13. Qxf3 b5 14. Nb6 Rd8 15. Qg3 g6 16. Rad1 Nf6 17. Qf3 O-O 18. b4 cxb4 19. cxb4 Qd6 20. Qe3 Kg7
21. Rfe1 Qxb4 22. Nd5 Nxd5 23. exd5 Rxd5 24. Qf3 Rfd8 25. Re4 Rxd3
0-1

[Event "Open Tournament For Intermediates"]
[Site "SchemingMind.com"]
[Date "2007.03.10"]
[Round "-"]
[White "jjb091"]
[Black "javilez"]
[Result "0-1"]
[WhiteCountry "USA"]
[BlackCountry "NCA"]
[WhiteElo "1688"]
[WhiteRD "76"]
[BlackElo "1762"]
[BlackRD "71"]
[GameID "95721"]

1. e4 c5 2. Nf3 d6 3. d4 cxd4 4. Nxd4 Nf6 5. Nc3 a6 6. Be3 Nbd7 7. Be2 e6 8. g4 b5 9. Qd2 Bb7 10. f3 h6
11. O-O-O Qc7 12. h4 Rc8 13. Bd3 d5 14. g5 hxg5 15. hxg5 Rxh1 16. Rxh1 dxe4 17. fxe4 b4 18. Nce2 Nxe4 19. Qe1 Nec5 20. Qg3 Qxg3
21. Nxg3 Bxh1
0-1

[Event "Open Tournament For Intermediates"]
[Site "SchemingMind.com"]
[Date "2007.03.10"]
[Round "-"]
[White "Kenny Elliott"]
[Black "jjb091"]
[Result "1-0"]
[WhiteCountry "USA"]
[BlackCountry "USA"]
[WhiteElo "1506"]
[WhiteRD "74"]
[BlackElo "1642"]
[BlackRD "77"]
[GameID "95722"]

1. Nf3 d5 2. d4 Nf6 3. c4 c6 4. Nc3 e6 5. e3 Nbd7 6. Bd3 dxc4 7. Bxc4 b5 8. Bd3 Bb7 9. O-O a6 10. b3 c5
11. Bb2 Be7 12. Ne5 Qc7 13. Nxd7 Qxd7 14. Qc2 Qc6 15. f3 O-O 16. e4 cxd4 17. Ne2 e5 18. f4 Nxe4 19. fxe5 Nc5 20. Rf3 Nxd3
21. Qxd3 Rad8 22. Nxd4 Bc5 23. Kh1 Qd7 24. e6 Qd6 25. exf7+ Rxf7 26. Rxf7 Kxf7 27. Qf5+ Qf6 28. Qxc5 Kg8 29. Qc7 Rf8 30. Rg1 Ba8
31. Ba3 Rf7 32. Qc8+ Rf8 33. Bxf8 Qxf8 34. Qxf8+ Kxf8 35. Ne6+
1-0

[Event "Open Tournament For Intermediates"]
[Site "SchemingMind.com"]
[Date "2007.03.12"]
[Round "-"]
[White "toguints"]
[Black "jjb091"]
[Result "0-1"]
[WhiteCountry "PHI"]
[BlackCountry "USA"]
[WhiteElo "1486"]
[WhiteRD "74"]
[BlackElo "1642"]
[BlackRD "77"]
[GameID "95723"]

1. d4 Nf6 2. Bg5 e6 3. e4 h6 4. Bxf6 Qxf6 5. e5 Qd8 6. Nf3 d6 7. Bd3 d5 8. O-O c5 9. c3 Qb6 10. b3 Nc6
11. a4 Bd7 12. Nbd2 Be7 13. Bb5 O-O 14. Ne1 a6 15. Bxc6 Bxc6 16. a5 Qc7 17. Nef3 cxd4 18. cxd4 Bb5 19. Qc1 Qd7 20. Re1 Rac8
21. Qb2 Rc7 22. Nb1 Rfc8 23. Na3 Bxa3 24. Qxa3 Rc3 25. Rec1 Qc7 26. Rxc3 Qxc3 27. g3 Qxf3 28. Rc1 Rxc1+ 29. Qxc1 Bc6 30. Kf1 Qd3+
31. Kg2 Qxd4 32. Qf4 Qxf4 33. gxf4 d4+ 34. f3 d3 35. Kf2 Bb5 36. Ke3 g5 37. b4 Kg7 38. fxg5 hxg5 39. Kd2 Kg6
0-1

[Event "Open Tournament For Intermediates"]
[Site "SchemingMind.com"]
[Date "2007.03.10"]
[Round "-"]
[White "keen"]
[Black "jjb091"]
[Result "1/2-1/2"]
[WhiteCountry "SCO"]
[BlackCountry "USA"]
[WhiteElo "1730"]
[WhiteRD "57"]
[BlackElo "1653"]
[BlackRD "77"]
[GameID "95724"]

1. e4 c5 2. c3 d5 3. exd5 Qxd5 4. d4 cxd4 5. Nf3 Nc6 6. Na3 Bg4 7. Bc4 Bxf3 8. Bxd5 Bxd1 9. Nb5 Rc8 10. Kxd1 dxc3
11. Nxc3 Nf6 12. Bb3 e6 13. Re1 Be7 14. Bg5 O-O 15. Ke2 Nd4+ 16. Kf1 Nxb3 17. axb3 a6 18. Red1 h6 19. Bh4 Rfd8 20. Rxd8+ Rxd8
21. Ke2 Kf8 22. Ra4 Nd5 23. Bg3 Bf6 24. Ne4 Bxb2 25. Rc4 Ba3 26. Nc5 Bxc5 27. Rxc5 Ke7 28. h3 Nf6 29. Be5 Nd7 30. Rc7 f6
31. Bb2 Ke8 32. Rxb7 Rc8 33. Kd2 Rb8 34. Rxb8+ Nxb8 35. Kd3 Kd7 36. Kc4 Kc6 37. Ba3 Nd7 38. f4 Nb6+ 39. Kd4 Nd5 40. g3 h5
41. Bf8 g6 42. Ba3 Kb5 43. Bf8 a5 44. Ba3 Kc6 45. Bf8 Kb5 46. Ba3 Kc6=
1/2-1/2

[Event "Open Tournament For Intermediates"]
[Site "SchemingMind.com"]
[Date "2007.03.14"]
[Round "-"]
[White "mebalse"]
[Black "jjb091"]
[Result "1-0"]
[WhiteCountry "URU"]
[BlackCountry "USA"]
[WhiteElo "1960"]
[WhiteRD "79"]
[BlackElo "1642"]
[BlackRD "77"]
[GameID "95725"]

1. f4 d5 2. Nf3 g6 3. g3 Bg7 4. Bg2 Nd7 5. O-O e5 6. fxe5 Nxe5 7. d4 Nxf3+ 8. exf3 Nf6 9. Re1+ Be6 10. Bh3 Kd7
11. Bxe6+ fxe6 12. Bg5 Re8 13. g4 h6 14. Bf4 Qe7 15. Qd3 Qf7 16. Qb5+ Kc8 17. Nd2 Nd7 18. Be5 Nxe5 19. dxe5 c6 20. Qb4 h5
21. Re2 Bh6 22. Rf1 Qc7 23. h4 Qb6+ 24. Qxb6 axb6 25. g5 Bf8 26. a3 Ra4 27. f4 Bc5+ 28. Kg2 b5 29. Nb1 b4 30. b3 Ra5
31. axb4 Bxb4 32. c3 Bc5 33. b4 Bxb4 34. cxb4 Ra4 35. Rb2 Rf8 36. Kg3 Kc7 37. Nc3 Ra3 38. Rf3 Ra1 39. Ne2 Kb6 40. Kg2 Kc7
41. Nd4 Kd7 42. Nb3 b6 43. Nxa1
1-0